[Event "Blitz 2018"]
[Site "Saint-Petersburg"]
[Date "2018.12.29"]
[Round "10"]
[Board "61"]
[White "Bindrich Falko (GER)"]
[Black "Vokhidov Shamsiddin (UZB)"]
[Result "0-1"]
[LiveChessVersion "1.4.8"]
[BlackElo "2414"]
[WhiteElo "2639"]

1. d4 d5 2. c4 {[%clk 0:03:04]} e6 {[%clk 0:03:05]} 3. g3 {[%clk 0:03:05]} dxc4
{[%clk 0:03:06]} 4. Nf3 {[%clk 0:03:05]} c5 {[%clk 0:03:07]} 5. Bg2
{[%clk 0:03:05]} Nc6 {[%clk 0:03:09]} 6. Qa4 {[%clk 0:02:49]} cxd4
{[%clk 0:03:03]} 7. Nxd4 {[%clk 0:02:39]} Qxd4 {[%clk 0:03:03]} 8. Bxc6+
{[%clk 0:02:40]} Bd7 {[%clk 0:03:05]} 9. Bxd7+ {[%clk 0:02:36]} Qxd7
{[%clk 0:03:05]} 10. Qxc4 {[%clk 0:02:15]} Rc8 {[%clk 0:03:06]} 11. Qf4
{[%clk 0:02:16]} Bd6 {[%clk 0:02:45]} 12. Qd2 {[%clk 0:01:55]} Bb4
{[%clk 0:01:58]} 13. Nc3 {[%clk 0:01:55]} Qc6 {[%clk 0:01:57]} 14. O-O
{[%clk 0:01:54]} Nf6 {[%clk 0:01:56]} 15. Qg5 {[%clk 0:01:38]} Bxc3
{[%clk 0:01:50]} 16. bxc3 {[%clk 0:01:38]} O-O {[%clk 0:01:51]} 17. Ba3
{[%clk 0:01:33]} Rfd8 {[%clk 0:01:52]} 18. Be7 {[%clk 0:00:58]} Ne4
{[%clk 0:01:49]} 19. Qe3 {[%clk 0:00:58]} Rd7 {[%clk 0:01:49]} 20. Bb4
{[%clk 0:00:58]} b6 {[%clk 0:01:42]} 21. f3 {[%clk 0:00:46]} Nf6 {[%clk 0:01:39]}
22. c4 {[%clk 0:00:34]} Qxc4 {[%clk 0:01:34]} 23. Rac1 {[%clk 0:00:32]} Qa6
{[%clk 0:01:34]} 24. Qa3 {[%clk 0:00:28]} Qb7 {[%clk 0:01:30]} 25. Qxa7
{[%clk 0:00:24]} Ra8 {[%clk 0:00:50]} 26. Qxb7 {[%clk 0:00:26]} Rxb7
{[%clk 0:00:51]} 27. a3 {[%clk 0:00:21]} h6 {[%clk 0:00:49]} 28. e4
{[%clk 0:00:22]} Nd7 {[%clk 0:00:48]} 29. Rfd1 {[%clk 0:00:21]} b5
{[%clk 0:00:47]} 30. Rd4 {[%clk 0:00:15]} Ne5 {[%clk 0:00:48]} 31. Kf2
{[%clk 0:00:12]} Nc4 {[%clk 0:00:48]} 32. Rd3 {[%clk 0:00:11]} Rba7
{[%clk 0:00:47]} 33. Rcc3 {[%clk 0:00:12]} f6 {[%clk 0:00:45]} 34. h4
{[%clk 0:00:13]} h5 {[%clk 0:00:45]} 35. Rb3 {[%clk 0:00:13]} Kf7
{[%clk 0:00:40]} 36. Bc5 {[%clk 0:00:15]} Rb7 {[%clk 0:00:41]} 37. Rdc3
{[%clk 0:00:14]} Na5 {[%clk 0:00:33]} 38. Rb1 {[%clk 0:00:15]} Rc8
{[%clk 0:00:34]} 39. Bb4 {[%clk 0:00:13]} Nc4 {[%clk 0:00:33]} 40. Rd1
{[%clk 0:00:13]} Ra7 {[%clk 0:00:30]} 41. Rcd3 {[%clk 0:00:11]} Rcc7
{[%clk 0:00:29]} 42. Rb1 {[%clk 0:00:12]} Rcb7 {[%clk 0:00:28]} 43. Bc5
{[%clk 0:00:13]} Ra4 {[%clk 0:00:28]} 44. Rdb3 {[%clk 0:00:14]} Ra5
{[%clk 0:00:19]} 45. Bb4 {[%clk 0:00:15]} Ra8 {[%clk 0:00:20]} 46. Rd1
{[%clk 0:00:16]} Raa7 {[%clk 0:00:20]} 47. Rdd3 {[%clk 0:00:16]} Ra8
{[%clk 0:00:16]} 48. Rd1 {[%clk 0:00:16]} Rab8 {[%clk 0:00:17]} 49. Rdb1
{[%clk 0:00:17]} Rb6 {[%clk 0:00:15]} 50. Bc5 {[%clk 0:00:17]} R6b7
{[%clk 0:00:15]} 51. Bb4 {[%clk 0:00:18]} Ra8 {[%clk 0:00:15]} 52. Ke2
{[%clk 0:00:19]} Rd8 {[%clk 0:00:16]} 53. Be1 {[%clk 0:00:19]} Rdb8
{[%clk 0:00:14]} 54. Bb4 {[%clk 0:00:20]} Rb6 {[%clk 0:00:13]} 55. Bc5
{[%clk 0:00:21]} R6b7 {[%clk 0:00:12]} 56. a4 {[%clk 0:00:22]} Ra8
{[%clk 0:00:09]} 57. Rxb5 {[%clk 0:00:22]} Rd7 {[%clk 0:00:08]} 58. Rb7
{[%clk 0:00:23]} Rxb7 {[%clk 0:00:07]} 59. Rxb7+ {[%clk 0:00:25]} Kg6
{[%clk 0:00:08]} 60. Rb4 {[%clk 0:00:26]} Ne5 {[%clk 0:00:09]} 61. Bd6
{[%clk 0:00:25]} Nc6 {[%clk 0:00:10]} 62. Rc4 {[%clk 0:00:26]} Na5
{[%clk 0:00:10]} 63. Rc3 {[%clk 0:00:27]} Nb7 {[%clk 0:00:10]} 64. Bf8
{[%clk 0:00:26]} Rxf8 {[%clk 0:00:10]} 65. Rc7 {[%clk 0:00:27]} Nd6
{[%clk 0:00:11]} 66. Rc6 {[%clk 0:00:28]} Nb7 {[%clk 0:00:10]} 67. Rc7
{[%clk 0:00:29]} Na5 {[%clk 0:00:11]} 68. Ra7 {[%clk 0:00:30]} Nc6
{[%clk 0:00:11]} 69. Rc7 {[%clk 0:00:31]} Nd4+ {[%clk 0:00:12]} 70. Ke3
{[%clk 0:00:33]} e5 {[%clk 0:00:13]} 71. f4 {[%clk 0:00:32]} Ra8 {[%clk 0:00:12]}
72. fxe5 {[%clk 0:00:33]} fxe5 {[%clk 0:00:12]} 73. Rc5 {[%clk 0:00:34]} Rxa4
{[%clk 0:00:12]} 74. Rxe5 {[%clk 0:00:35]} Nc2+ {[%clk 0:00:12]} 75. Kf4
{[%clk 0:00:36]} Kh6 {[%clk 0:00:11]} 76. g4 {[%clk 0:00:36]} hxg4 77. Kxg4
{[%clk 0:00:37]} Ne3+ {[%clk 0:00:13]} 78. Kf4 {[%clk 0:00:38]} Nc4
{[%clk 0:00:13]} 79. Re6+ {[%clk 0:00:39]} Kh7 {[%clk 0:00:14]} 80. Kf5
{[%clk 0:00:39]} Ra1 {[%clk 0:00:15]} 81. Rc6 {[%clk 0:00:37]} Ne3+
{[%clk 0:00:14]} 82. Kf4 {[%clk 0:00:38]} Ng2+ {[%clk 0:00:15]} 83. Kg3
{[%clk 0:00:39]} Ne3 {[%clk 0:00:15]} 84. Rc3 {[%clk 0:00:39]} Nf1+
{[%clk 0:00:15]} 85. Kf4 {[%clk 0:00:40]} Ra2 {[%clk 0:00:15]} 86. Rd3
{[%clk 0:00:40]} Rf2+ {[%clk 0:00:15]} 87. Kg5 {[%clk 0:00:39]} Nd2
{[%clk 0:00:16]} 88. Re3 {[%clk 0:00:38]} Nc4 {[%clk 0:00:16]} 89. Re1
{[%clk 0:00:38]} Ne5 {[%clk 0:00:17]} 90. Rh1 {[%clk 0:00:27]} Re2
{[%clk 0:00:15]} 91. Kf4 {[%clk 0:00:28]} Nc4 {[%clk 0:00:14]} 92. Rh3
{[%clk 0:00:27]} Nd6 {[%clk 0:00:15]} 93. Kf3 {[%clk 0:00:08]} Rxe4
{[%clk 0:00:15]} 94. Rh1 {[%clk 0:00:09]} Rd4 {[%clk 0:00:16]} 95. Ke3
{[%clk 0:00:10]} Nf5+ {[%clk 0:00:16]} 96. Kf3 {[%clk 0:00:11]} Rxh4 0-1

[Event "Blitz 2018"]
[Site "Saint-Petersburg"]
[Date "2018.12.29"]
[Round "10"]
[Board "62"]
[White "Anisimov Pavel (RUS)"]
[Black "Ragger Markus (AUT)"]
[Result "1/2-1/2"]
[LiveChessVersion "1.4.8"]
[BlackElo "2677"]
[WhiteElo "2519"]

1. d4 {[%clk 0:03:02]} Nf6 {[%clk 0:03:03]} 2. Bf4 {[%clk 0:03:03]} d5
{[%clk 0:03:04]} 3. e3 {[%clk 0:03:02]} c5 {[%clk 0:03:05]} 4. c3
{[%clk 0:03:02]} Nc6 {[%clk 0:02:58]} 5. Nd2 {[%clk 0:03:03]} Bf5
{[%clk 0:02:58]} 6. Qb3 {[%clk 0:02:49]} Qd7 {[%clk 0:02:59]} 7. Ngf3
{[%clk 0:02:47]} c4 {[%clk 0:03:00]} 8. Qd1 {[%clk 0:02:39]} e6 {[%clk 0:03:01]}
9. Ne5 {[%clk 0:02:30]} Nxe5 {[%clk 0:03:00]} 10. Bxe5 {[%clk 0:02:31]} Be7
{[%clk 0:03:01]} 11. Be2 {[%clk 0:02:30]} O-O {[%clk 0:03:00]} 12. O-O
{[%clk 0:02:27]} b5 {[%clk 0:03:01]} 13. Bxf6 {[%clk 0:02:14]} Bxf6
{[%clk 0:03:02]} 14. Bf3 {[%clk 0:02:15]} Bd3 {[%clk 0:02:57]} 15. Re1
{[%clk 0:02:16]} b4 {[%clk 0:02:58]} 16. e4 {[%clk 0:02:05]} Rab8
{[%clk 0:02:54]} 17. exd5 {[%clk 0:01:55]} exd5 {[%clk 0:02:55]} 18. Nf1
{[%clk 0:01:47]} bxc3 {[%clk 0:02:35]} 19. bxc3 {[%clk 0:01:48]} Qb5
{[%clk 0:02:36]} 20. Ne3 {[%clk 0:01:43]} Rfd8 {[%clk 0:02:36]} 21. a4
{[%clk 0:01:34]} Qa5 {[%clk 0:02:33]} 22. Qd2 {[%clk 0:01:12]} Bxd4
{[%clk 0:02:29]} 23. Nxd5 {[%clk 0:00:51]} Rxd5 {[%clk 0:01:58]} 24. Bxd5
{[%clk 0:00:52]} Bxc3 {[%clk 0:01:59]} 25. Qf4 {[%clk 0:00:53]} Qd8
{[%clk 0:01:44]} 26. Bxf7+ {[%clk 0:00:52]} Kh8 {[%clk 0:01:41]} 27. Re8+
{[%clk 0:00:50]} Qxe8 {[%clk 0:01:42]} 28. Bxe8 {[%clk 0:00:51]} Rxe8
{[%clk 0:01:43]} 29. Rd1 {[%clk 0:00:45]} Bf6 {[%clk 0:01:35]} 30. g4
{[%clk 0:00:36]} h6 {[%clk 0:01:35]} 31. Qc7 {[%clk 0:00:26]} Rd8
{[%clk 0:01:12]} 32. Rc1 {[%clk 0:00:19]} Rd4 {[%clk 0:01:03]} 33. h3
{[%clk 0:00:18]} a6 {[%clk 0:01:04]} 34. Qc8+ {[%clk 0:00:17]} Kh7
{[%clk 0:01:05]} 35. Qxa6 {[%clk 0:00:18]} c3 {[%clk 0:01:02]} 36. Qc6
{[%clk 0:00:13]} Rc4 {[%clk 0:00:57]} 37. Qd5 {[%clk 0:00:14]} Rd4
{[%clk 0:00:59]} 38. Qc5 {[%clk 0:00:12]} Rc4 {[%clk 0:00:59]} 39. Qd5
{[%clk 0:00:11]} Rd4 {[%clk 0:01:00]} 40. Qf3 {[%clk 0:00:10]} c2
{[%clk 0:00:57]} 41. Qe3 {[%clk 0:00:08]} Bg6 {[%clk 0:00:55]} 42. Kg2
{[%clk 0:00:06]} Rd1 {[%clk 0:00:52]} 43. a5 {[%clk 0:00:05]} Bb2
{[%clk 0:00:52]} 44. Rxc2 {[%clk 0:00:06]} Bxc2 {[%clk 0:00:53]} 45. Qe2
{[%clk 0:00:07]} Rc1 {[%clk 0:00:47]} 46. a6 {[%clk 0:00:04]} Bd4
{[%clk 0:00:46]} 47. Qe6 {[%clk 0:00:04]} Bg6 {[%clk 0:00:43]} 48. Qd5
{[%clk 0:00:04]} Bc5 {[%clk 0:00:31]} 49. Qc6 {[%clk 0:00:04]} Rc2
{[%clk 0:00:32]} 50. Qb7 {[%clk 0:00:04]} Bxf2 {[%clk 0:00:29]} 51. Kf3
{[%clk 0:00:05]} Bg1 {[%clk 0:00:30]} 52. a7 {[%clk 0:00:06]} Bxa7
{[%clk 0:00:21]} 53. Qxa7 {[%clk 0:00:07]} Rc3+ {[%clk 0:00:21]} 54. Kg2
{[%clk 0:00:07]} Rc2+ {[%clk 0:00:23]} 55. Kg3 {[%clk 0:00:09]} Rc3+
{[%clk 0:00:24]} 56. Kh2 {[%clk 0:00:10]} Rc2+ {[%clk 0:00:26]} 57. Kg3
{[%clk 0:00:11]} Rc3+ {[%clk 0:00:27]} 58. Kf2 {[%clk 0:00:12]} Rc2+
{[%clk 0:00:30]} 59. Ke1 {[%clk 0:00:13]} h5 {[%clk 0:00:22]} 60. Qe3
{[%clk 0:00:11]} hxg4 {[%clk 0:00:16]} 61. hxg4 {[%clk 0:00:12]} Rc4
{[%clk 0:00:17]} 62. Qh3+ {[%clk 0:00:13]} Kg8 {[%clk 0:00:17]} 63. Qb3
{[%clk 0:00:14]} Bf7 {[%clk 0:00:18]} 64. Qb8+ {[%clk 0:00:14]} Kh7
{[%clk 0:00:19]} 65. Qh2+ {[%clk 0:00:15]} Kg8 {[%clk 0:00:20]} 66. Qg3
{[%clk 0:00:15]} Re4+ {[%clk 0:00:09]} 67. Kf2 {[%clk 0:00:16]} Re6
{[%clk 0:00:10]} 68. Qb8+ {[%clk 0:00:17]} Re8 {[%clk 0:00:11]} 69. Qc7
{[%clk 0:00:17]} Re6 {[%clk 0:00:12]} 70. Kg3 {[%clk 0:00:17]} Kf8
{[%clk 0:00:10]} 71. Qc8+ {[%clk 0:00:18]} Re8 {[%clk 0:00:11]} 72. Qc5+
{[%clk 0:00:19]} Kg8 {[%clk 0:00:12]} 73. Kf4 {[%clk 0:00:19]} Re6
{[%clk 0:00:12]} 74. Qc8+ {[%clk 0:00:20]} Re8 {[%clk 0:00:14]} 75. Qd7
{[%clk 0:00:21]} Re6 {[%clk 0:00:15]} 76. Kf5 {[%clk 0:00:15]} Rf6+
{[%clk 0:00:15]} 77. Kg5 {[%clk 0:00:15]} Rg6+ {[%clk 0:00:16]} 78. Kf4
{[%clk 0:00:16]} Rf6+ {[%clk 0:00:15]} 79. Kg3 {[%clk 0:00:17]} Re6
{[%clk 0:00:16]} 80. Qd3 {[%clk 0:00:16]} Re8 {[%clk 0:00:17]} 81. g5
{[%clk 0:00:16]} g6 {[%clk 0:00:17]} 82. Kf4 {[%clk 0:00:17]} Re6
{[%clk 0:00:18]} 83. Qd8+ {[%clk 0:00:17]} 1/2-1/2

[Event "Blitz 2018"]
[Site "Saint-Petersburg"]
[Date "2018.12.29"]
[Round "10"]
[Board "63"]
[White "Vishnu Prasanna. V (IND)"]
[Black "Anton Guijarro David (ESP)"]
[Result "1/2-1/2"]
[LiveChessVersion "1.4.8"]
[BlackElo "2631"]
[WhiteElo "2519"]

1. e4 {[%clk 0:03:02]} e5 {[%clk 0:03:02]} 2. Nf3 {[%clk 0:03:03]} Nc6
{[%clk 0:03:03]} 3. Bb5 {[%clk 0:03:03]} g6 {[%clk 0:03:03]} 4. c3
{[%clk 0:03:02]} a6 {[%clk 0:03:04]} 5. Ba4 {[%clk 0:03:03]} Bg7 {[%clk 0:03:04]}
6. d4 {[%clk 0:03:03]} exd4 {[%clk 0:03:04]} 7. cxd4 {[%clk 0:03:03]} b5
{[%clk 0:03:04]} 8. Bb3 {[%clk 0:03:04]} Nge7 {[%clk 0:03:03]} 9. a4
{[%clk 0:03:03]} b4 {[%clk 0:03:02]} 10. O-O {[%clk 0:02:55]} O-O
{[%clk 0:03:02]} 11. d5 {[%clk 0:02:48]} Na5 {[%clk 0:03:01]} 12. Nbd2
{[%clk 0:02:47]} c5 {[%clk 0:02:50]} 13. Nc4 {[%clk 0:02:45]} Nxc4
{[%clk 0:02:48]} 14. Bxc4 {[%clk 0:02:45]} d6 {[%clk 0:02:48]} 15. h3
{[%clk 0:02:36]} h6 {[%clk 0:02:39]} 16. Re1 {[%clk 0:02:36]} Bb7
{[%clk 0:02:29]} 17. Ra2 {[%clk 0:02:08]} g5 {[%clk 0:02:15]} 18. Nh2
{[%clk 0:01:56]} Ng6 {[%clk 0:02:03]} 19. b3 {[%clk 0:01:48]} Bc8
{[%clk 0:01:56]} 20. Qh5 {[%clk 0:01:38]} Re8 {[%clk 0:01:40]} 21. Rae2
{[%clk 0:01:36]} Ra7 {[%clk 0:01:40]} 22. Nf3 {[%clk 0:01:26]} Rae7
{[%clk 0:01:16]} 23. g3 {[%clk 0:01:26]} Qd7 {[%clk 0:01:01]} 24. Kg2
{[%clk 0:01:27]} g4 {[%clk 0:00:44]} 25. hxg4 {[%clk 0:01:06]} Qxg4
{[%clk 0:00:45]} 26. Qxg4 {[%clk 0:01:06]} Bxg4 {[%clk 0:00:46]} 27. Bxa6
{[%clk 0:01:07]} Bc3 {[%clk 0:00:41]} 28. Rh1 {[%clk 0:00:51]} Ne5
{[%clk 0:00:31]} 29. Nxe5 {[%clk 0:00:52]} Bxe2 {[%clk 0:00:31]} 30. Bxe2
{[%clk 0:00:50]} Rxe5 {[%clk 0:00:31]} 31. Bd3 {[%clk 0:00:39]} Rxe4
{[%clk 0:00:24]} 32. Bxe4 {[%clk 0:00:40]} Rxe4 {[%clk 0:00:25]} 33. Kf3
{[%clk 0:00:41]} Re5 {[%clk 0:00:20]} 34. Bxh6 {[%clk 0:00:34]} Rxd5
{[%clk 0:00:17]} 35. a5 {[%clk 0:00:32]} c4 {[%clk 0:00:18]} 36. bxc4
{[%clk 0:00:28]} Rxa5 {[%clk 0:00:19]} 37. Rb1 {[%clk 0:00:18]} Rc5
{[%clk 0:00:05]} 38. Bf4 {[%clk 0:00:18]} Rxc4 {[%clk 0:00:05]} 39. Bxd6
{[%clk 0:00:19]} Kg7 {[%clk 0:00:04]} 40. Bf4 {[%clk 0:00:20]} Kg6
{[%clk 0:00:05]} 41. Be3 {[%clk 0:00:20]} Kf5 {[%clk 0:00:06]} 42. Ke2
{[%clk 0:00:21]} Rc6 {[%clk 0:00:06]} 43. f3 {[%clk 0:00:17]} Ke6
{[%clk 0:00:05]} 44. Kd3 {[%clk 0:00:17]} Ra6 {[%clk 0:00:05]} 45. g4
{[%clk 0:00:17]} Kd5 {[%clk 0:00:05]} 46. Rh1 {[%clk 0:00:16]} Ra3
{[%clk 0:00:06]} 47. Rh5+ {[%clk 0:00:13]} Be5+ {[%clk 0:00:05]} 48. Ke2
{[%clk 0:00:14]} Ra2+ {[%clk 0:00:03]} 49. Kd3 {[%clk 0:00:15]} Ra3+
{[%clk 0:00:06]} 50. Ke2 {[%clk 0:00:17]} Ke6 {[%clk 0:00:07]} 51. Rh6+
{[%clk 0:00:12]} Kd7 {[%clk 0:00:06]} 52. Rb6 {[%clk 0:00:12]} b3
{[%clk 0:00:06]} 53. f4 {[%clk 0:00:07]} Bg7 {[%clk 0:00:06]} 54. f5
{[%clk 0:00:06]} Be5 {[%clk 0:00:06]} 55. g5 {[%clk 0:00:04]} b2 {[%clk 0:00:07]}
56. Kd2 {[%clk 0:00:03]} Ra1 {[%clk 0:00:05]} 57. Kc2 {[%clk 0:00:04]} Re1
{[%clk 0:00:05]} 58. Bd2 {[%clk 0:00:05]} Rf1 {[%clk 0:00:06]} 59. g6
{[%clk 0:00:07]} Rxf5 {[%clk 0:00:05]} 60. gxf7 {[%clk 0:00:08]} Rxf7
{[%clk 0:00:05]} 61. Rb7+ {[%clk 0:00:09]} Ke6 {[%clk 0:00:06]} 62. Rxf7
{[%clk 0:00:10]} Kxf7 {[%clk 0:00:06]} 63. Bb4 {[%clk 0:00:11]} Ke6
{[%clk 0:00:07]} 64. Ba3 {[%clk 0:00:13]} Kd5 {[%clk 0:00:08]} 1/2-1/2

[Event "Blitz 2018"]
[Site "Saint-Petersburg"]
[Date "2018.12.29"]
[Round "10"]
[Board "64"]
[White "Tomashevsky Evgeny (RUS)"]
[Black "Mikhalevski Victor (ISR)"]
[Result "0-1"]
[LiveChessVersion "1.4.8"]
[BlackElo "2521"]
[WhiteElo "2602"]

1. c4 {[%clk 0:03:03]} Nf6 {[%clk 0:03:02]} 2. Nc3 {[%clk 0:03:04]} d5
{[%clk 0:03:03]} 3. cxd5 {[%clk 0:03:03]} Nxd5 {[%clk 0:03:04]} 4. g3
{[%clk 0:03:02]} g6 {[%clk 0:03:01]} 5. Bg2 {[%clk 0:03:02]} Nxc3
{[%clk 0:03:02]} 6. bxc3 {[%clk 0:03:02]} Bg7 {[%clk 0:03:03]} 7. Rb1
{[%clk 0:03:02]} Nc6 {[%clk 0:03:03]} 8. Nf3 {[%clk 0:03:00]} O-O
{[%clk 0:03:01]} 9. O-O {[%clk 0:02:58]} Rb8 {[%clk 0:02:43]} 10. Qb3
{[%clk 0:02:12]} b6 {[%clk 0:02:33]} 11. d3 {[%clk 0:02:12]} Na5 {[%clk 0:02:31]}
12. Qc2 {[%clk 0:02:09]} c5 {[%clk 0:02:30]} 13. Bf4 {[%clk 0:02:08]} Rb7
{[%clk 0:02:17]} 14. Ne5 {[%clk 0:01:52]} g5 {[%clk 0:02:11]} 15. Nxf7
{[%clk 0:01:32]} Rxf7 {[%clk 0:02:08]} 16. Bxg5 {[%clk 0:01:33]} Rd7
{[%clk 0:02:05]} 17. Bd2 {[%clk 0:01:24]} Bb7 {[%clk 0:01:57]} 18. Bh3
{[%clk 0:01:21]} Rd6 {[%clk 0:01:59]} 19. f3 {[%clk 0:01:15]} Bc8
{[%clk 0:01:46]} 20. Bg2 {[%clk 0:01:14]} Bf5 {[%clk 0:01:46]} 21. g4
{[%clk 0:00:56]} Bg6 {[%clk 0:01:41]} 22. f4 {[%clk 0:00:55]} e6 {[%clk 0:01:41]}
23. Qa4 {[%clk 0:00:31]} c4 {[%clk 0:01:34]} 24. Rb5 {[%clk 0:00:32]} cxd3
{[%clk 0:01:28]} 25. e4 {[%clk 0:00:33]} Rc7 {[%clk 0:01:23]} 26. e5
{[%clk 0:00:28]} Rdd7 {[%clk 0:01:11]} 27. f5 {[%clk 0:00:29]} Be8
{[%clk 0:01:09]} 28. f6 {[%clk 0:00:18]} Bf8 {[%clk 0:01:05]} 29. Qf4
{[%clk 0:00:18]} Bg6 {[%clk 0:01:00]} 30. h4 {[%clk 0:00:17]} h6 {[%clk 0:00:54]}
31. h5 {[%clk 0:00:17]} Bh7 {[%clk 0:00:50]} 32. g5 {[%clk 0:00:18]} hxg5
{[%clk 0:00:49]} 33. Qxg5+ {[%clk 0:00:18]} Kh8 {[%clk 0:00:50]} 34. Rxa5
{[%clk 0:00:04]} bxa5 {[%clk 0:00:49]} 35. h6 {[%clk 0:00:05]} Rf7
{[%clk 0:00:39]} 36. Bh3 {[%clk 0:00:04]} Qd5 {[%clk 0:00:37]} 37. Bg2
{[%clk 0:00:04]} Qc5+ {[%clk 0:00:36]} 38. Kh1 {[%clk 0:00:05]} Qc4
{[%clk 0:00:33]} 39. Rb1 {[%clk 0:00:05]} Rc8 {[%clk 0:00:29]} 40. Rg1
{[%clk 0:00:03]} Qxa2 {[%clk 0:00:26]} 41. Bh3 {[%clk 0:00:04]} Qd5+
{[%clk 0:00:23]} 42. Kh2 {[%clk 0:00:04]} Bc5 {[%clk 0:00:19]} 43. Rb1
{[%clk 0:00:04]} Rg8 {[%clk 0:00:15]} 44. Qf4 {[%clk 0:00:04]} Qe4
{[%clk 0:00:15]} 45. Qxe4 {[%clk 0:00:05]} Bxe4 {[%clk 0:00:16]} 46. Bxe6
{[%clk 0:00:05]} Rg2+ {[%clk 0:00:13]} 47. Kh3 {[%clk 0:00:07]} Rxd2
{[%clk 0:00:14]} 48. Bxf7 {[%clk 0:00:07]} Bf5+ {[%clk 0:00:13]} 49. Kg3
{[%clk 0:00:08]} Kh7 {[%clk 0:00:12]} 50. e6 {[%clk 0:00:09]} Re2
{[%clk 0:00:13]} 51. e7 {[%clk 0:00:10]} Bxe7 {[%clk 0:00:12]} 52. fxe7
{[%clk 0:00:11]} Rxe7 {[%clk 0:00:12]} 53. Bd5 {[%clk 0:00:11]} Re2
{[%clk 0:00:09]} 54. Kf4 {[%clk 0:00:12]} Bg6 {[%clk 0:00:09]} 55. Kg5
{[%clk 0:00:12]} Re5+ {[%clk 0:00:10]} 56. Kf6 {[%clk 0:00:12]} Rxd5
{[%clk 0:00:10]} 57. Rg1 {[%clk 0:00:12]} Rf5+ {[%clk 0:00:10]} 58. Ke6
{[%clk 0:00:13]} d2 {[%clk 0:00:11]} 0-1